ბათუმის შოთა რუსთაველის სახელმწიფო უნივერსიტეტის ბიბლიოთეკა

Interactive Organic Chemistry : (ბიბ.ჩანაწერი № 53928)

000 -LEADER
fixed length control field 00776nam a2200241Ia 4500
001 - CONTROL NUMBER
control field 20979
003 - CONTROL NUMBER IDENTIFIER
control field GE_BSU
005 - DATE AND TIME OF LATEST TRANSACTION
control field 20210702180504.0
008 - FIXED-LENGTH DATA ELEMENTS--GENERAL INFORMATION
fixed length control field 181216s2001||||us |||||||||||||| ||eng||
020 ## - INTERNATIONAL STANDARD BOOK NUMBER
International Standard Book Number 003033473X Workbook with CD ISBN 0030334810: 9780030334818
040 ## - CATALOGING SOURCE
Transcribing agency GE_BSU
080 ## - UNIVERSAL DECIMAL CLASSIFICATION NUMBER
Universal Decimal Classification number 54 V-69
100 ## - MAIN ENTRY--PERSONAL NAME
Personal name Vining, William J.
9 (RLIN) 12178
245 ## - TITLE STATEMENT
Title Interactive Organic Chemistry :
Remainder of title CD-ROM and Workbook /
Statement of responsibility, etc. William J. Vining, Vincent M. Rotello, David A. Bak.
264 ## - PRODUCTION, PUBLICATION, DISTRIBUTION, MANUFACTURE, AND COPYRIGHT NOTICE
Place of production, publication, distribution, manufacture USA :
Name of producer, publisher, distributor, manufacturer THOMSON BROOKS / COLE,
Date of production, publication, distribution, manufacture, or copyright notice 2001.
300 ## - PHYSICAL DESCRIPTION
Extent 142 p. ;
Dimensions 23 cm.
Accompanying material +1CD-Rom
653 ## - INDEX TERM--UNCONTROLLED
keyword Interactive Organic Chemistry
653 ## - INDEX TERM--UNCONTROLLED
keyword ქიმია
700 ## - ADDED ENTRY--PERSONAL NAME
Personal name Rotello, Vincent M.
Relator term by
9 (RLIN) 12179
700 ## - ADDED ENTRY--PERSONAL NAME
Personal name Bak, David A.
Relator term by
9 (RLIN) 12180
942 ## - ADDED ENTRY ELEMENTS (KOHA)
Koha item type წიგნი
Source of classification or shelving scheme
ეგზემპლარები
Withdrawn status Lost status Source of classification or shelving scheme Damaged status Not for loan Permanent Location Current Location Shelving location Date acquired Cost, normal purchase price Full call number Barcode Date last seen Copy number Price effective from Koha item type Public note
          ბათუმის შოთა რუსთაველის სახელმწიფო უნივერსიტეტის მთავარი ბიბლიოთეკა ბათუმის შოთა რუსთაველის სახელმწიფო უნივერსიტეტის მთავარი ბიბლიოთეკა წიგნსაცავი 2018-12-17 80.00 54 V-69 54667 2018-12-17 54667 2018-12-17 წიგნი 80.00 GEL.